000
00330nam a22001457a 4500
003
SGT
020
_a
818974799-1
082
_a
615
_b
PAU
100
_a
PAUL, SWARNALI DAS
245
_a
ADVANCED PHARMACEUTICAL FORMULATION
260
_a
INDIA
_b
BIRLA PUB.
_c
2026
300
_a
424
650
_a
PHARMACEUTICAL
942
_2
ddc
_c
BK
999
_c
33032
_d
33032